Fantom chrámu /

Hlavní autor: Gulik, Robert van, 1910-1967
Další autoři: Albert, Evžen
Jazyk: Čeština
Vydáno: Plzeň : Perseus, 2012
Vydání: 3. vyd., V nakl. Perseus 2.
Edice: Příběhy soudce Ti
Témata:
Externí odkaz: Digitalizovaný dokument
Fyzický popis: 165 s. ; 22 cm
Knihy
Uloženo v:
LEADER 01619nam a2200445 a 4500
001 nkc20122368942
003 CZ PrNK
005 20121204163409.0
007 ta
008 120518s2012 xr g 000 f cze
015 |a cnb002368942 
020 |a 978-80-87010-38-9  |q (váz.) 
035 |a (OCoLC)798995452 
040 |a BOA001  |b cze 
041 1 |a cze  |h eng 
072 7 |a 821.111-3  |x Anglická próza, anglicky psaná  |2 Konspekt  |9 25 
080 |a 821.112.5-31  |2 MRF 
080 |a 821.111-31  |2 MRF 
080 |a (0:82-312.4)  |2 MRF 
100 1 |a Gulik, Robert van,  |d 1910-1967  |7 jn19990002982  |4 aut 
240 1 0 |a Phantom of the temple.  |l Česky  |7 aun2009506644 
245 1 0 |a Fantom chrámu /  |c Robert van Gulik ; [z anglického originálu ... přeložil Evžen Albert] 
250 |a 3. vyd., V nakl. Perseus 2. 
260 |a Plzeň :  |b Perseus,  |c 2012 
300 |a 165 s. ;  |c 22 cm 
490 1 |a Příběhy soudce Ti 
655 7 |a nizozemské romány  |7 fd132907  |2 czenas 
655 7 |a anglicky psané romány  |7 fd131805  |2 czenas 
655 7 |a detektivní romány  |7 fd132010  |2 czenas 
655 9 |a Dutch fiction  |2 eczenas 
655 9 |a fiction in English  |2 eczenas 
655 9 |a detective novels  |2 eczenas 
700 1 |a Albert, Evžen  |7 jx20060117010  |4 trl 
830 0 |a Příběhy soudce Ti  |0 s 
856 4 1 |u http://www.digitalniknihovna.cz/mzk/uuid/uuid:dc1d10f0-5d2e-11e6-8e4e-005056827e51  |y Digitalizovaný dokument  |x NDK 
910 2 |a BOA001  |b 2-1280.705 
990 |a BK 
995 |a 01 
991 |b 201206  |e b 
996 6 |b 2610511449  |c 2-1280.705  |l MZK  |r Sklad / do 1 hodiny  |n 5  |p p.v.  |w 001250188  |u 000010  |a 1  |e BOA001  |j MZK50  |s P